Name Dropping #10: NFL Players - Statistics

General Stats
  • This quiz has been taken 322 times
  • The average score is 21 of 25
Answer Stats
Hint Extra Hint Answer % Correct
Tom Quarterback. New England Patriots (2000–2019), Tampa Bay Buccaneers (2020–2022). Brady
96%
Patrick Quarterback. Kansas City Chiefs (2017– ) Mahomes
95%
Peyton Quarterback. Indianapolis Colts (1998–2011), Denver Broncos (2012–2015). Manning
94%
Randy Wide receiver. Minnesota Vikings (1998–2004, 2010), Oakland Raiders (2005–2006), New England Patriots (2007–2010), Tennessee Titans (2010), San Francisco 49ers (2012). Moss
92%
Dan Quarterback. Miami Dolphins (1983–1999). Marino
91%
Jerry Wide receiver. San Francisco 49ers (1985–2000), Oakland Raiders (2001–2004), Seattle Seahawks (2004). Rice
91%
Barry Running back. Detroit Lions (1989–1998). Sanders
91%
Ray Linebacker. Baltimore Ravens (1996–2012). Lewis
90%
Emmitt Running back. Dallas Cowboys (1990–2002), Arizona Cardinals (2003–2004). Smith
90%
John Quarterback. Denver Broncos (1983–1998). Elway
88%
Tony Tight end. Kansas City Chiefs (1997–2008), Atlanta Falcons (2009–2013). Gonzalez
88%
Walter Running back. Chicago Bears (1975–1987). Payton
88%
Lawrence Linebacker. New York Giants (1981–1993). Taylor
88%
Jim Fullback. Cleveland Browns (1957–1965). Brown
87%
Joe Quarterback. San Francisco 49ers (1979–1992), Kansas City Chiefs (1993–1994). Montana
87%
Aaron Defensive tackle. St. Louis / Los Angeles Rams (2014–2023). Donald
86%
Reggie Defensive end. Memphis Showboats (1984–1985), Philadelphia Eagles (1985–1992), Green Bay Packers (1993–1998), Carolina Panthers (2000). White
86%
Dick Linebacker. Chicago Bears (1965–1973). Butkus
85%
Johnny Quarterback. Baltimore Colts (1956–1972), San Diego Chargers (1973). Unitas
79%
Anthony Offensive tackle. Cincinnati Bengals (1980–1992). Muñoz
72%
Rod Cornerback, safety. Pittsburgh Steelers (1987–1996), San Francisco 49ers (1997), Baltimore Ravens (1998–2001), Oakland Raiders (2002–2003). Woodson
72%
Joe Defensive tackle. Pittsburgh Steelers (1969–1981). Greene
71%
Gale Halfback, return specialist. Chicago Bears (1965–1971). Sayers
70%
Alan Defensive tackle. Minnesota Vikings (1967–1978), Chicago Bears (1978–1981). Page
65%
Don End, safety, kicker. Green Bay Packers (1935–1945). Hutson
62%
No matching quizzes found
Score Distribution
Percent of People with Each Score
Percentile by Number Answered
Your Score History
You have not taken this quiz